00501 a2200181 4500010001400000020002300014035001300037037001500050082001100065100001900076245003800095250001200133260005000145270005100195300003200246490002200278500001900300 aENG-85989 a0070634424c250.00 aEN-69522 bDBAD / PUB14a530.02 aBeiser, Arthur1 aApplied physicscby Arthur Beiser a4th ed. aNew DelhibTata Mc-Graw Hill Publishingc2007 a7, West Patel NagarbNew DelhicDelhie110 008 avarious pagingsc24cm (pbk) aSchaum's outlines aIncludes index